000 00687nam a22001937a 4500
003 NUST-PNEC
005 20170116181035.0
008 140714b xxu||||| |||| 00| 0 eng d
020 _a8131802558
040 _cLIBRARY
082 _a621.4 RAJ
100 _9154
_aRajput, R.K.
245 _aA Textbook of Power plant engineering
_cR.K.Rajput
260 _aNew Delhi
_bLaxmi Publications (December 1, 2007)
300 _axx, 975p.:
_bill.:
_c25 cm.
500 _aIncludes Index http://www.amazon.com/Textbook-Power-Plant-Engineering-Rajput/dp/8131802558/ref=sr_1_1?s=books&ie=UTF8&qid=1405319914&sr=1-1&keywords=power+plant+engineering+by+rajput
650 _xEE, EL
942 _2ddc
_cBK
999 _c67908
_d67908